000 00436nam a2200181Ia 4500
001 4893
005 20260306145828.0
008 260306t1983||||xx |||||||||||||| ||spa||
041 _aESP
082 _a331.0985
_bV46
100 _aVerdera, Francisco
_eAUT
245 0 _aEl empleo en el Perú:
_bun nuevo enfoque
260 _c1983
300 _a158 páginas :
_c21 cm.
650 _aGEN
654 _aCAN
942 _cLIB
_dJUS
_fJUS
_2ddc
_n
999 _c4893
_d4893